Statistiques concernant Paroles - Aimée pour de vrai - Helena Star ac'

Cliquez ici pour prendre le quiz!

Statistiques générales

  • Ce quiz a été pris 137 fois
    (134 depuis la dernière actualisation)
  • Le résultat moyen est 219 sur 267

Statistiques - réponses

Réponse% Correct
à
98%
a
98%
aimée
97%
de
97%
et
97%
je
97%
Je
97%
pour
97%
vrai
97%
le
95%
d'en
93%
les
93%
puis
93%
un
93%
être
92%
la
92%
ma
92%
me
92%
Dans
90%
dans
90%
passé
90%
suis
90%
tirer
90%
trait
90%
y
90%
yeux
90%
douloureux
89%
eu
89%
que
89%
sur
89%
ce
87%
comme
87%
mes
87%
des
85%
changer
84%
larmes
84%
mon
84%
vie
84%
c'est
82%
moi
82%
monde
82%
veux
82%
en
80%
jour
80%
car
79%
étoiles
79%
qui
79%
qu'on
79%
secondes
79%
tout
79%
vois
79%
J'ai
77%
j'ai
77%
peau
77%
compte
75%
est-ce
74%
peur
74%
souffrir
74%
nos
72%
passer
72%
si
72%
demain
70%
faire
70%
mots
70%
tour
70%
collent
69%
mais
69%
m'entendra
69%
toujours
69%
tous
67%
choses
66%
dire
66%
m'aimera
66%
tant
66%
j'aimerais
64%
loin
64%
rêves
64%
fenêtre
62%
par
62%
temps
62%
vous
62%
on
61%
voix
61%
enfin
59%
ils
59%
chambre
57%
courage
57%
nuages
57%
place
57%
verra
57%
ne
56%
regarde
56%
trouverai
56%
voie
56%
avec
54%
m'attendra
54%
croire
52%
celle
51%
commence
51%
sortie
51%
prête
49%
s'envolent
49%
voilà
49%
cette
48%
toucher
48%
vent
48%
fois
46%
heures
46%
lève
46%
embarque
44%
fini
44%
soir
44%
attendre
43%
après
41%

Distribution des résultats

Percentile par nombre de réponses

% des personnes avec chaque résultat

Votre développement - résultats

Vous n’avez pas pris ce quiz depuis la dernière actualisation